000 00582nam a2200205Ii 4500
001 18248
003 CO-ViMGA
008 241108s9999||||xx |||||||||||||| ||und||
020 _a9589003451
040 _aCO-ViMGA
_bspa
_erda
_cCO-ViMGA
041 0 _aspa
082 0 4 _a738.09861 A77
245 1 0 _aArte de la tierra :
_bculturas de Calima
264 1 _aBogotá, Colombia : Presencia, 1989
300 _avolumen
336 _atext
_btxt
_2rdacontent
337 _aunmediated
_bn
_2rdamedia
338 _avolume
_bnc
_2rdacarrier
940 _aidficha_siabuc: 17911. -- ficha_no_siabuc:18248
999 _c47937
_d47937